[Event "39th TCh-GRE"]
[Site "Eretria GRE"]
[Date "2011.07.08"]
[Round "7.9"]
[White "Anastasopoulou, Andrianna"]
[Black "Tsarouha, Marianthi"]
[Result "0-1"]
[WhiteElo "1786"]
[BlackElo "1799"]
[WhiteTeam "Ilioupolis CC"]
[BlackTeam "Chania Chess Academy"]
[WhiteFideId "4212746"]
[BlackFideId "4223322"]
[EventDate "2011.07.03"]

1. d4 d5 2. c4 c6 3. Nc3 a6 4. e3 Nf6 5. Nf3 Bg4 6. Qb3 b5 7. cxb5 axb5 8. Ne5
Qc7 9. Bd2 Nbd7 10. Nxg4 Nxg4 11. Be2 Ngf6 12. Rc1 Qb6 13. O-O e6 14. a3 Bd6 15.
Rc2 O-O 16. Rfc1 e5 17. dxe5 Nxe5 18. Na2 Nc4 19. Bxc4 dxc4 20. Rxc4 Bxh2+ 21.
Kh1 Qb8 22. Rxc6 Ng4 23. Be1 Qe5 24. R1c5 Qe7 25. Rh5 Be5 26. Qc2 g6 27. Rh3 Qd7
28. Rc5 Rfd8 29. Qe2 Qd1 30. Rc2 Qxe2 31. Rxe2 Rd1 32. g3 Nxf2+ 33. Rxf2 Rxe1+
34. Kg2 Rxe3 35. g4 Rxh3 36. Kxh3 Rd8 37. Nb4 Rd1 38. Re2 Rh1+ 39. Kg2 Rh2+ 40.
Kf3 Rxe2 41. Kxe2 Bxb2 42. Nc2 h5 43. gxh5 gxh5 44. Kf3 Kg7 45. Kg3 Kg6 46. Kf4
f5 47. Ne3 Bc1 48. Kf3 Bxe3 49. Kxe3 h4 50. Kf4 Kf6 51. Kf3 Kg5 52. Kg2 Kg4 53.
Kh2 f4 54. Kg2 f3+ 55. Kh2 h3 56. a4 f2 0-1

[Event "39th TCh-GRE"]
[Site "Eretria GRE"]
[Date "2011.07.08"]
[Round "7.9"]
[White "Koutoukidis, Panagiotis"]
[Black "Papadogiannis, Sevastianos"]
[Result "0-1"]
[WhiteElo "2046"]
[BlackElo "1995"]
[WhiteTeam "Ilioupolis CC"]
[BlackTeam "Chania Chess Academy"]
[WhiteFideId "4244702"]
[BlackFideId "4239369"]
[EventDate "2011.07.03"]

1. e4 c5 2. Nf3 d6 3. d4 cxd4 4. Nxd4 Nf6 5. Nc3 Nc6 6. Bg5 Qb6 7. Nb3 e6 8. Be2
a6 9. Qd2 Be7 10. Bxf6 gxf6 11. f4 O-O 12. O-O-O Kh8 13. Kb1 Bd7 14. g4 Qc7 15.
h4 b5 16. a3 b4 17. axb4 Nxb4 18. Qd4 Rfb8 19. g5 a5 20. gxf6 Bf8 21. Qc4 Qb7
22. Nc1 a4 23. b3 axb3 24. Nxb3 Rc8 25. Qd4 Nxc2 26. Kxc2 Ra2+ 27. Kd3 Qa6+ 28.
Ke3 Rxc3+ 29. Rd3 Rxb3 30. Re1 Rxe2+ 31. Rxe2 Qxd3+ 32. Qxd3 Rxd3+ 33. Kxd3 Bb5+ 0-1

[Event "39th TCh-GRE"]
[Site "Eretria GRE"]
[Date "2011.07.08"]
[Round "7.10"]
[White "Balogh, Csaba"]
[Black "Litsas, Ioannis"]
[Result "1-0"]
[WhiteTitle "GM"]
[WhiteElo "2643"]
[BlackElo "2154"]
[WhiteTeam "F.O. New Irakleion Attica 2173"]
[BlackTeam "Peiraikos OS"]
[WhiteFideId "718939"]
[BlackFideId "4206886"]
[EventDate "2011.07.03"]

1. e4 e5 2. Nf3 Nf6 3. d4 Nxe4 4. Bd3 d5 5. dxe5 Nc5 6. Be2 Be7 7. O-O O-O 8.
Be3 Ne4 9. c4 c6 10. cxd5 cxd5 11. Qb3 b6 12. Nd4 Bb7 13. Nc3 Nc5 14. Qc2 Nbd7
15. f4 Ne6 16. Nxe6 fxe6 17. Bg4 Nc5 18. b4 Ne4 19. Bxe6+ Kh8 20. Nxe4 dxe4 21.
Rad1 Qe8 22. Bd7 Qh5 23. b5 Bc5 24. Bxc5 bxc5 25. Qxc5 1-0

[Event "39th TCh-GRE"]
[Site "Eretria GRE"]
[Date "2011.07.08"]
[Round "7.10"]
[White "Psaras, Stilianos"]
[Black "Managadze, Nikoloz"]
[Result "0-1"]
[BlackTitle "IM"]
[WhiteElo "2098"]
[BlackElo "2470"]
[WhiteTeam "Peiraikos OS"]
[BlackTeam "F.O. New Irakleion Attica 2173"]
[WhiteFideId "4200888"]
[BlackFideId "13600575"]
[EventDate "2011.07.03"]

1. d4 d6 2. c4 e5 3. e3 Nd7 4. Nc3 g6 5. Nf3 Bg7 6. Be2 Ne7 7. O-O O-O 8. b4 a5
9. b5 b6 10. Ba3 Re8 11. Rc1 Bb7 12. Na4 exd4 13. exd4 Nf5 14. c5 Nf6 15. c6 Bc8
16. d5 Nxd5 17. Bc4 Nf6 18. Rc2 Be6 19. Bxe6 Rxe6 20. Bb2 Ne4 21. Bxg7 Kxg7 22.
Qd5 Qe7 23. Rc4 Re8 24. h3 h6 25. g4 Nh4 26. Nxh4 Qxh4 27. Kg2 h5 28. gxh5 Re5
29. Qd4 Qg5+ 30. Kh1 Qxh5 31. Kg2 Rh8 32. Rh1 Qg5+ 33. Kh2 Qf4+ 34. Kg2 f6 35.
Rg1 Rg5+ 36. Kf1 Nd2+ 37. Ke2 Re8+ 38. Kd3 Qf3+ 39. Kc2 Rxg1 0-1

[Event "39th TCh-GRE"]
[Site "Eretria GRE"]
[Date "2011.07.08"]
[Round "7.10"]
[White "Azis, Azizis Ektoras"]
[Black "Tsomis, Dimitrios"]
[Result "1/2-1/2"]
[BlackTitle "FM"]
[WhiteElo "2246"]
[BlackElo "2187"]
[WhiteTeam "F.O. New Irakleion Attica 2173"]
[BlackTeam "Peiraikos OS"]
[WhiteFideId "4207637"]
[BlackFideId "4201280"]
[EventDate "2011.07.03"]

1. Nf3 Nf6 2. g3 c5 3. Bg2 g6 4. O-O Bg7 5. d3 Nc6 6. Nc3 d6 7. e4 O-O 8. h3 a6
9. Nh4 e5 10. Be3 Nd4 11. Qd2 b5 12. Bg5 Ne6 13. Bh6 b4 14. Ne2 Bb7 15. Bxg7
Kxg7 16. f4 Rb8 17. f5 Nd4 18. Nxd4 cxd4 19. Rf2 h6 20. fxg6 fxg6 21. Qxb4 Bxe4
22. Qa3 Bxg2 23. Nxg2 Qb6 24. Raf1 Nd7 25. Qb3 Qxb3 26. axb3 Rxf2 27. Kxf2 Rc8
28. Rc1 Nc5 29. Re1 Ne6 30. Rc1 Rc6 31. Ke2 d5 32. Ne1 e4 33. Ra1 Kf6 34. Ra5
Nc7 35. Ra4 Ke5 36. dxe4 dxe4 37. Rc4 Kd5 38. Rxc6 Kxc6 39. Ng2 g5 40. c3 Kd5
41. cxd4 Kxd4 42. Ne3 h5 43. Nf5+ Ke5 44. Ne7 Nd5 45. Nc6+ Kd6 46. Nd4 Ne7 47.
Kf2 Ke5 48. Ne2 Nd5 49. h4 gxh4 50. gxh4 Nf4 51. Ng3 Ng6 52. Nxh5 Nxh4 53. Ng3
Nf5 54. Ne2 Nd4 55. Nc3 Nf5 56. Ke2 Kd4 57. Kd2 Ng3 58. Nd1 Nf5 59. Nc3 Ke5 60.
Ke2 Nd4+ 61. Ke3 Nf5+ 62. Ke2 a5 63. Kf2 Ne7 64. Ke2 Kf4 65. Kf2 Nc6 66. Nd5+
Ke5 67. Nc3 Nb4 68. Ke3 Nd5+ 69. Ke2 Ne7 70. Ke3 Nf5+ 71. Ke2 Kd4 72. Kd2 Ne7
73. Ne2+ Ke5 74. Kc3 Kd5 75. Kd2 Ke5 76. Kc3 Kd5 77. Nf4+ Kc5 78. Ne6+ Kd6 79.
Nd4 Kd5 80. Nc2 Nf5 81. b4 a4 82. b3 axb3 83. Kxb3 Nd4+ 84. Kc3 1/2-1/2

[Event "39th TCh-GRE"]
[Site "Eretria GRE"]
[Date "2011.07.08"]
[Round "7.10"]
[White "Lalaouni, Konstantina"]
[Black "Asvestopoulou, Evdokia"]
[Result "0-1"]
[WhiteElo "1535"]
[BlackElo "1583"]
[WhiteTeam "F.O. New Irakleion Attica 2173"]
[BlackTeam "Peiraikos OS"]
[WhiteFideId "4222113"]
[BlackFideId "4219198"]
[EventDate "2011.07.03"]

1. e4 d5 2. exd5 Qxd5 3. Nc3 Qa5 4. d4 Nf6 5. Bd2 c6 6. Nf3 Bf5 7. Bc4 e6 8. O-O
Nbd7 9. Re1 Qc7 10. Bb3 Bd6 11. a3 h6 12. Rc1 g5 13. d5 O-O-O 14. dxc6 bxc6 15.
Be3 g4 16. Nh4 Bxh2+ 17. Kf1 Ne5 18. Bd2 g3 19. f4 Bg4 20. Nf3 Nxf3 21. gxf3
Bh3+ 22. Ke2 Qb6 23. Be3 Rxd1 24. Bxb6 Rxe1+ 25. Rxe1 axb6 26. Rh1 g2 0-1

[Event "39th TCh-GRE"]
[Site "Eretria GRE"]
[Date "2011.07.08"]
[Round "7.10"]
[White "Papadimitriou, Athanasios"]
[Black "Sidiropoulos, Nikolaos2"]
[Result "1-0"]
[WhiteElo "2184"]
[BlackElo "1899"]
[WhiteTeam "F.O. New Irakleion Attica 2173"]
[BlackTeam "Peiraikos OS"]
[WhiteFideId "4213254"]
[BlackFideId "4217250"]
[EventDate "2011.07.03"]

1. Nf3 Nf6 2. g3 g6 3. Bg2 Bg7 4. O-O O-O 5. d4 d5 6. c4 c6 7. Bf4 dxc4 8. Ne5
Nd5 9. Nc3 Nxf4 10. gxf4 Qb6 11. Na4 Qc7 12. e3 f6 13. Nf3 e5 14. b3 Be6 15.
fxe5 cxb3 16. exf6 Bxf6 17. axb3 Nd7 18. Rc1 Bg4 19. Qc2 Bd8 20. Qc4+ Kh8 21.
Ne5 Nxe5 22. dxe5 Bf3 23. Bxf3 Rxf3 24. Qe4 Rf5 25. f4 Be7 26. Nc3 Qa5 27. Ne2
Bc5 28. Ng3 Rff8 29. e6 Rae8 30. Qe5+ Kg8 31. Rxc5 1-0

[Event "39th TCh-GRE"]
[Site "Eretria GRE"]
[Date "2011.07.08"]
[Round "7.10"]
[White "Alexakis, Georgios"]
[Black "Tsakalidis, Efstratios"]
[Result "1-0"]
[WhiteElo "1561"]
[BlackElo "1567"]
[WhiteTeam "Peiraikos OS"]
[BlackTeam "F.O. New Irakleion Attica 2173"]
[WhiteFideId "4255038"]
[BlackFideId "4243234"]
[EventDate "2011.07.03"]

1. d4 Nf6 2. Nf3 e6 3. Bf4 b6 4. e3 Bb7 5. c3 d6 6. Be2 Be7 7. O-O O-O 8. Nbd2
Nbd7 9. h3 Ne4 10. Nxe4 Bxe4 11. Nd2 Bb7 12. e4 f5 13. exf5 Rxf5 14. Bg3 Bh4 15.
Bg4 Bxg3 16. Bxf5 exf5 17. fxg3 Qg5 18. Kh2 Rf8 19. Nf3 Qg6 20. Qd2 h6 21. Rae1
Be4 22. Nh4 Qh5 23. Qd1 Qg5 24. Nf3 Qg6 25. Nd2 Nf6 26. Nxe4 Nxe4 27. Qf3 Rf6
28. Re2 Qf7 29. a3 Kh8 30. Rfe1 d5 31. Rf1 g5 32. Rfe1 a5 33. c4 c6 34. cxd5
cxd5 35. Rc2 1-0

[Event "39th TCh-GRE"]
[Site "Eretria GRE"]
[Date "2011.07.08"]
[Round "7.11"]
[White "Sandalakis, Angelos"]
[Black "Aggelis, Nikolaos"]
[Result "1/2-1/2"]
[BlackTitle "FM"]
[WhiteElo "2383"]
[BlackElo "2294"]
[WhiteTeam "S.A.S. Koropiou"]
[BlackTeam "Kallithea CC"]
[WhiteFideId "4207645"]
[BlackFideId "4213220"]
[EventDate "2011.07.03"]

1. e4 e5 2. Nf3 Nc6 3. Bb5 a6 4. Ba4 Nf6 5. O-O Be7 6. Re1 b5 7. Bb3 O-O 8. a4
b4 9. d4 d6 10. h3 exd4 11. Nxd4 Na5 12. Bd5 Rb8 13. Nc6 Nxc6 14. Bxc6 Rb6 15.
Bd5 Nxd5 16. exd5 c5 17. Nd2 Rb8 18. Nc4 Qc7 19. Qe2 Re8 20. Bf4 Bd7 21. Qd3 Bf8
22. Qg3 Rxe1+ 23. Rxe1 Bxa4 24. b3 Re8 25. Rd1 Bb5 26. Nxd6 Bxd6 27. Bxd6 Qb6
28. Bc7 Qg6 29. Qxg6 fxg6 30. d6 Bd7 31. Rd5 c4 32. Rd4 c3 33. Rxb4 Re2 34. Rc4
Rxc2 35. Ba5 Kf7 36. Rxc3 Rxc3 37. Bxc3 Ke6 38. Bb4 Bc6 39. Bc5 Kd5 40. Ba3 Kd4 1/2-1/2

[Event "39th TCh-GRE"]
[Site "Eretria GRE"]
[Date "2011.07.08"]
[Round "7.11"]
[White "Gesos, Pavlos"]
[Black "Khetsuriani, Besarion"]
[Result "1/2-1/2"]
[WhiteTitle "IM"]
[BlackTitle "IM"]
[WhiteElo "2331"]
[BlackElo "2325"]
[WhiteTeam "Kallithea CC"]
[BlackTeam "S.A.S. Koropiou"]
[WhiteFideId "4200055"]
[BlackFideId "13600559"]
[EventDate "2011.07.03"]

1. e4 e6 2. d4 d5 3. Nc3 dxe4 4. Nxe4 Bd7 5. Nf3 Bc6 6. Bd3 Nd7 7. Qe2 Be7 8.
O-O Ngf6 9. Ng3 Bxf3 10. Qxf3 c6 11. Re1 O-O 12. Bg5 Re8 13. c3 Nd5 14. Bd2 b5
15. Rad1 N7f6 16. Bb1 Qb6 17. Ne4 Nxe4 18. Qxe4 g6 19. Bh6 Nf6 20. Qf3 Rad8 21.
Bg5 Nd5 22. Bh6 Nf6 23. Bg5 Nd5 24. Bh6 Nf6 1/2-1/2

[Event "39th TCh-GRE"]
[Site "Eretria GRE"]
[Date "2011.07.08"]
[Round "7.11"]
[White "Delithanasis, Dimitrios"]
[Black "Hrisanthopoulos, Dimitrios"]
[Result "1-0"]
[WhiteElo "2110"]
[BlackElo "2076"]
[WhiteTeam "S.A.S. Koropiou"]
[BlackTeam "Kallithea CC"]
[WhiteFideId "4200799"]
[BlackFideId "4200543"]
[EventDate "2011.07.03"]

1. Nf3 Nf6 2. c4 e6 3. g3 d5 4. Bg2 Be7 5. O-O O-O 6. b3 c5 7. e3 Nbd7 8. Bb2 b6
9. Qe2 Bb7 10. Nc3 Rc8 11. d3 Qc7 12. Nh4 dxc4 13. bxc4 Bxg2 14. Nxg2 Rfe8 15.
f4 Bf8 16. e4 Nb8 17. e5 Nfd7 18. Ne4 Nc6 19. g4 Nd4 20. Bxd4 cxd4 21. g5 Nc5
22. Nxc5 Qxc5 23. Rab1 Qe7 24. Ne1 Rc5 25. Nf3 Qd7 26. Nd2 b5 27. Rxb5 Rxb5 28.
cxb5 Qxb5 29. Rb1 Qa6 30. Nc4 Bc5 31. Qc2 h6 32. Qb3 hxg5 33. Qb5 Qxb5 34. Rxb5
Be7 35. Rb7 Bc5 36. fxg5 Re7 37. Rb5 Rc7 38. Kf2 Kh7 39. Kf3 Kg6 40. Kf4 Be7 41.
h4 f6 42. gxf6 gxf6 43. exf6 Bxf6 44. Ne5+ Kg7 45. h5 Bh4 46. Ke4 Bf2 47. Ng4
Bg1 48. Rg5+ Kf8 49. h6 Rh7 50. Rg6 1-0

[Event "39th TCh-GRE"]
[Site "Eretria GRE"]
[Date "2011.07.08"]
[Round "7.11"]
[White "Stefanidi, Maria-Anna"]
[Black "Petraki, Maria"]
[Result "1-0"]
[WhiteTitle "WFM"]
[BlackTitle "WFM"]
[WhiteElo "2055"]
[BlackElo "2024"]
[WhiteTeam "Kallithea CC"]
[BlackTeam "S.A.S. Koropiou"]
[WhiteFideId "4207750"]
[BlackFideId "4200985"]
[EventDate "2011.07.03"]

1. e4 c5 2. Nf3 d6 3. d4 cxd4 4. Nxd4 Nf6 5. Nc3 a6 6. Bg5 e6 7. f4 Qb6 8. Qd2
Nc6 9. O-O-O Nxd4 10. Qxd4 Qxd4 11. Rxd4 Bd7 12. Be2 Bc6 13. Bf3 Be7 14. Re1 h6
15. Bxf6 gxf6 16. f5 h5 17. Rd3 O-O-O 18. Ne2 Kb8 19. Nf4 e5 20. Nxh5 d5 21. g4
d4 22. a3 Bb5 23. Rdd1 d3 24. cxd3 Bxd3 25. Re3 Rc8+ 26. Kd2 Bb5 27. Be2 Bc5 28.
Rc3 Rcd8+ 29. Ke1 Bd4 30. Rg3 Ba4 31. b3 Bc6 32. Bd3 Bb2 33. Rg2 Bxa3 34. Nxf6
Rh3 35. Bc4 Rdh8 36. Bxf7 Rxh2 37. Rxh2 Rxh2 38. Bd5 Bb5 39. Bc4 Bb4+ 40. Kf1
Rh1+ 41. Ke2 Rh2+ 42. Kf3 Bxc4 43. bxc4 Bc3 44. g5 Bd2 45. g6 Bh6 46. Ng4 1-0

[Event "39th TCh-GRE"]
[Site "Eretria GRE"]
[Date "2011.07.08"]
[Round "7.11"]
[White "Androni, Konstantina"]
[Black "Tsouba, Maria"]
[Result "1-0"]
[WhiteElo "1967"]
[BlackElo "1512"]
[WhiteTeam "S.A.S. Koropiou"]
[BlackTeam "Kallithea CC"]
[WhiteFideId "4215362"]
[BlackFideId "4231643"]
[EventDate "2011.07.03"]

1. d4 Nf6 2. Nf3 e6 3. g3 b6 4. Bg2 d5 5. c4 Bb4+ 6. Bd2 Bxd2+ 7. Nbxd2 O-O 8.
b3 Bb7 9. O-O Nbd7 10. e3 c5 11. Qe2 Rc8 12. Rfd1 Qe7 13. Rac1 Rfd8 14. h4 cxd4
15. exd4 Nf8 16. Ne5 dxc4 17. Ndxc4 Bxg2 18. Kxg2 Qb7+ 19. Kg1 Nd5 20. h5 h6 21.
Qf3 Nh7 22. Nd6 Ng5 23. Nxb7 Nxf3+ 24. Nxf3 Rb8 25. Nxd8 Rxd8 26. Ne5 1-0

[Event "39th TCh-GRE"]
[Site "Eretria GRE"]
[Date "2011.07.08"]
[Round "7.11"]
[White "Tsouba, Adamantia"]
[Black "Androni, Dimitra"]
[Result "1-0"]
[WhiteElo "1496"]
[BlackElo "1528"]
[WhiteTeam "Kallithea CC"]
[BlackTeam "S.A.S. Koropiou"]
[WhiteFideId "4236548"]
[BlackFideId "4220625"]
[EventDate "2011.07.03"]

1. e4 d5 2. exd5 Qxd5 3. Nc3 Qa5 4. Bc4 Nf6 5. d3 c6 6. Bd2 e6 7. Nf3 Nbd7 8.
O-O Bb4 9. Qe2 O-O 10. Rfe1 Qh5 11. h3 b5 12. Bb3 Bb7 13. Nd4 Qg6 14. Nf3 Bxc3
15. Bxc3 c5 16. Bd2 Nd5 17. c3 h6 18. Bc2 Rac8 19. Rac1 Qf6 20. d4 a6 21. Qd3
Rfd8 22. Ne5 Kf8 23. Qh7 Ke7 24. Ng4 Qh4 25. Qxg7 Rg8 26. Qxh6 Qxh6 27. Nxh6 Rg7
28. Nf5+ Kf8 29. Nxg7 Kxg7 30. dxc5 Nxc5 31. Be3 Nd7 32. Bd4+ Kf8 33. Be4 f6 34.
Rcd1 Kf7 35. Bf3 Rg8 36. Bxd5 Bxd5 37. g3 f5 38. a3 Nf8 39. Bc5 Ng6 40. Kh2 Nh4
41. gxh4 Rg2+ 42. Kh1 Bf3 43. Rd7+ Kg8 44. Rg1 Rxg1+ 45. Kxg1 e5 46. Rd6 a5 47.
Rf6 Be4 48. Bd6 Kg7 49. Bxe5 Kg8 50. h5 1-0

[Event "39th TCh-GRE"]
[Site "Eretria GRE"]
[Date "2011.07.08"]
[Round "7.11"]
[White "Adamos, Thomas"]
[Black "Kourkoulos-Arditis, Stamatis"]
[Result "0-1"]
[WhiteElo "1763"]
[BlackElo "2123"]
[WhiteTeam "S.A.S. Koropiou"]
[BlackTeam "Kallithea CC"]
[WhiteFideId "4220552"]
[BlackFideId "4221990"]
[EventDate "2011.07.03"]

1. e4 c5 2. Nf3 e6 3. d4 cxd4 4. Nxd4 Nf6 5. Nc3 d6 6. Be3 Be7 7. Be2 O-O 8. O-O
a6 9. Kh1 Qc7 10. f4 Nbd7 11. g4 b5 12. g5 Ne8 13. a3 Bb7 14. Bf3 Nb6 15. h4 Nc4
16. Bc1 Rd8 17. h5 d5 18. e5 Nxa3 19. g6 Nc4 20. gxf7+ Rxf7 21. Nxe6 Qd7 22. Bg4
d4+ 23. Kh2 Qc6 24. Qf3 Qxf3 25. Bxf3 Bxf3 26. Nxd8 Bxd8 27. Rxf3 Nxe5 28. fxe5
Rxf3 29. Nxb5 axb5 30. Ra8 Rf2+ 31. Kg3 Rxc2 32. Rxd8 Rxc1 33. Rxe8+ Kf7 34. Rd8
Ke6 35. Rxd4 Kxe5 36. Rd7 Rg1+ 37. Kh2 Rg5 38. Rb7 Kd4 39. h6 gxh6 40. Rxh7 Rh5+
41. Kg2 Kc4 42. Kg3 Kb3 43. Kg4 Rh1 44. Rb7 b4 45. Rb6 h5+ 46. Kg3 h4+ 47. Kg2
Rc1 48. Re6 Rc4 49. Kh3 Kxb2 50. Re2+ Ka3 51. Re3+ b3 0-1

[Event "39th TCh-GRE"]
[Site "Eretria GRE"]
[Date "2011.07.08"]
[Round "7.11"]
[White "Tsatsoulis, Periklis"]
[Black "Karathanasis, Vlasis"]
[Result "0-1"]
[WhiteElo "1454"]
[BlackElo "1577"]
[WhiteTeam "Kallithea CC"]
[BlackTeam "S.A.S. Koropiou"]
[WhiteFideId "4246853"]
[BlackFideId "4243030"]
[EventDate "2011.07.03"]

1. e4 e5 2. f4 d6 3. Nf3 Nc6 4. Bc4 Nf6 5. Nc3 Bg4 6. h3 Bxf3 7. gxf3 Nh5 8. O-O
Nxf4 9. Kh2 Qh4 10. Qe2 Qxh3+ 11. Kg1 Nxe2+ 12. Nxe2 Be7 13. d3 Bh4 14. Be3 Bg3
15. Nxg3 Qxg3+ 16. Kh1 h5 17. Rf2 h4 0-1

[Event "39th TCh-GRE"]
[Site "Eretria GRE"]
[Date "2011.07.08"]
[Round "7.12"]
[White "Zubarev, Alexander1"]
[Black "Jianu, Vlad-Cristian"]
[Result "1/2-1/2"]
[WhiteTitle "GM"]
[BlackTitle "GM"]
[WhiteElo "2597"]
[BlackElo "2518"]
[WhiteTeam "O.A.A. Heraklion"]
[BlackTeam "Polichni CC"]
[WhiteFideId "14104385"]
[BlackFideId "1208110"]
[EventDate "2011.07.03"]

1. Nf3 Nf6 2. c4 e6 3. d4 c5 4. Nc3 cxd4 5. Nxd4 a6 6. g3 Nc6 7. Bg2 Qb6 8. Nc2
d6 9. O-O Be7 10. Bf4 O-O 11. Qd2 Ne5 12. b3 Bd7 13. h3 Rfd8 14. Rac1 Rac8 15.
e4 Qc7 16. Nd4 Qb8 17. Qe2 Nc6 18. Nxc6 Bxc6 19. Nd5 Bf8 20. Nb6 Rc7 21. Rfd1
Nd7 22. Be3 Re8 23. b4 Nxb6 24. Bxb6 Ba4 25. Rd3 Rc6 26. Qe3 Rcc8 27. Ra3 Bc6
28. Rd3 Be7 29. Rcd1 Bf6 30. Qd2 1/2-1/2

[Event "39th TCh-GRE"]
[Site "Eretria GRE"]
[Date "2011.07.08"]
[Round "7.12"]
[White "Theofilopoulos, Aris"]
[Black "Ris, Robert"]
[Result "0-1"]
[BlackTitle "IM"]
[WhiteElo "2205"]
[BlackElo "2395"]
[WhiteTeam "Polichni CC"]
[BlackTeam "O.A.A. Heraklion"]
[WhiteFideId "4201825"]
[BlackFideId "1011480"]
[EventDate "2011.07.03"]

1. d4 d5 2. Nf3 c6 3. c3 Bf5 4. Bf4 e6 5. e3 Bd6 6. Bxd6 Qxd6 7. Bd3 Nf6 8. Ne5
Nbd7 9. f4 O-O 10. Qc2 Bxd3 11. Qxd3 Ne4 12. Nxd7 Qxd7 13. Nd2 Nd6 14. O-O Rac8
15. c4 dxc4 16. Nxc4 Nf5 17. b4 Rfd8 18. Rfc1 Qe7 19. Qa3 Ra8 20. Rc3 h5 21. Rb1
a6 22. Na5 Rab8 23. Qc1 Nd6 24. Qd1 Ne4 25. Rc2 Rd5 26. Qf3 Nd6 27. Nb3 Nb5 28.
Rc5 b6 29. Rxc6 Qxb4 30. Rbc1 a5 31. R6c4 Qa3 32. Rc8+ Rd8 33. Rxd8+ Rxd8 34.
Qc6 a4 35. Qxb6 Ra8 36. Qc5 axb3 37. Qxa3 Rxa3 38. axb3 Rxb3 39. Kf2 Nd6 40. Rd1
Ne4+ 41. Ke2 0-1

[Event "39th TCh-GRE"]
[Site "Eretria GRE"]
[Date "2011.07.08"]
[Round "7.12"]
[White "Lirindzakis, Timotheos"]
[Black "Kakousatze, Ilias"]
[Result "1-0"]
[WhiteTitle "IM"]
[WhiteElo "2338"]
[BlackElo "2060"]
[WhiteTeam "O.A.A. Heraklion"]
[BlackTeam "Polichni CC"]
[WhiteFideId "4200381"]
[BlackFideId "4209532"]
[EventDate "2011.07.03"]

1. d4 Nf6 2. Nf3 g6 3. c4 Bg7 4. Nc3 d5 5. Bf4 O-O 6. Rc1 c5 7. dxc5 Qa5 8. cxd5
Qxc5 9. e4 Qb4 10. Qc2 e6 11. a3 Qa5 12. dxe6 Bxe6 13. Be2 Nc6 14. O-O a6 15.
Rfd1 Rac8 16. h3 b5 17. Qb1 Bb3 18. Rd2 Rfe8 19. Be3 h6 20. Nd4 Nxd4 21. Rxd4
Bf8 22. Nd5 Rxc1+ 23. Qxc1 Nxd5 24. exd5 Rd8 25. Bf3 Bg7 26. Rd2 b4 27. Qc5 Qxc5
28. Bxc5 bxa3 29. bxa3 Be5 30. d6 Ba4 31. g3 Bb5 32. Kg2 h5 33. h4 Kg7 34. Bb7
Kf6 35. f4 Bc3 36. Rc2 Ba5 37. Bd5 Bd3 38. Rc1 Bb5 39. Kf3 Re8 40. Bd4+ Kf5 41.
Bxf7 1-0

[Event "39th TCh-GRE"]
[Site "Eretria GRE"]
[Date "2011.07.08"]
[Round "7.12"]
[White "Barbageorgopoulou, Despina"]
[Black "Sperdokli, Elli"]
[Result "0-1"]
[BlackTitle "WFM"]
[WhiteElo "1752"]
[BlackElo "2127"]
[WhiteTeam "Polichni CC"]
[BlackTeam "O.A.A. Heraklion"]
[WhiteFideId "4216180"]
[BlackFideId "4205456"]
[EventDate "2011.07.03"]

1. d4 f5 2. c4 Nf6 3. Nc3 g6 4. g3 Bg7 5. Bg2 d6 6. Nh3 c6 7. O-O O-O 8. Bf4 Nh5
9. Be3 Nd7 10. d5 Ne5 11. Qb3 c5 12. Bd2 h6 13. Rae1 Rb8 14. e4 a6 15. Ne2 fxe4
16. Nef4 Bxh3 17. Nxh3 Nf3+ 18. Bxf3 exf3 19. g4 Qd7 20. Re6 Nf6 21. Qxf3 g5 22.
Qe2 Qa4 23. Rxe7 Rbe8 24. Bc3 Rxe7 25. Qxe7 Qxc4 26. Qe6+ Kh8 27. f4 Qxd5 28. f5
Kh7 29. Qxd5 Nxd5 30. Bxg7 Kxg7 31. Nf2 Nf6 32. Rd1 d5 33. h3 Re8 34. Nd3 b6 35.
Kf2 d4 36. Nc1 h5 37. Rg1 hxg4 38. hxg4 Re4 39. Nb3 Rxg4 40. Rxg4 Nxg4+ 41. Kf3
Ne3 42. Ke4 Kf6 0-1

[Event "39th TCh-GRE"]
[Site "Eretria GRE"]
[Date "2011.07.08"]
[Round "7.12"]
[White "Kolomvakis, Stelios"]
[Black "Gouloutis, Nikolaos"]
[Result "1-0"]
[WhiteElo "1752"]
[BlackElo "1758"]
[WhiteTeam "O.A.A. Heraklion"]
[BlackTeam "Polichni CC"]
[WhiteFideId "4217500"]
[BlackFideId "4224256"]
[EventDate "2011.07.03"]

1. d4 Nf6 2. c4 g6 3. Nc3 Bg7 4. e4 d6 5. f3 O-O 6. Be3 e5 7. d5 c6 8. Nge2 cxd5
9. cxd5 a6 10. a4 Nbd7 11. Ng3 a5 12. Nb5 Nc5 13. Bxc5 dxc5 14. Bc4 Ne8 15. O-O
Nd6 16. Bd3 Nxb5 17. Bxb5 Qd6 18. Rc1 b6 19. Ne2 f5 20. Nc3 Bh6 21. Rb1 Be3+ 22.
Kh1 Bd4 23. Bc6 Ba6 24. Bxa8 Bxf1 25. Qxf1 Rxa8 26. Nb5 Qd7 27. Qc4 fxe4 28. d6+
Qf7 29. Qxf7+ Kxf7 30. fxe4 Rd8 31. b3 Ke6 32. Rf1 Rc8 33. g4 g5 34. h4 h6 35.
hxg5 hxg5 36. Rf5 Rg8 37. Kg2 c4 38. bxc4 Bc5 39. d7 Kxd7 40. Rxe5 Bb4 41. Kf3
Be7 42. Rd5+ Kc6 43. Nd4+ Kc7 44. e5 Rf8+ 45. Nf5 Bc5 46. Ke4 Re8 47. Ng7 Re7
48. Nh5 Kc6 49. Nf6 Ba3 50. Kf5 Bc1 51. Ne4 Rf7+ 52. Nf6 Re7 53. e6 Be3 54. Rd7
Rxd7 55. exd7 Kc7 56. Nd5+ 1-0

[Event "39th TCh-GRE"]
[Site "Eretria GRE"]
[Date "2011.07.08"]
[Round "7.13"]
[White "Koliopoulos, Konstantinos"]
[Black "Bartel, Mateusz"]
[Result "0-1"]
[BlackTitle "GM"]
[WhiteElo "2262"]
[BlackElo "2611"]
[WhiteTeam "AO Zenon Glyfadas"]
[BlackTeam "Chess Academy of Gazi 2099"]
[WhiteFideId "4202244"]
[BlackFideId "1112635"]
[EventDate "2011.07.03"]

1. Nf3 f5 2. c4 g6 3. g3 Bg7 4. Nc3 e5 5. d3 d6 6. Bg2 Nf6 7. O-O O-O 8. Rb1 h6
9. Nd5 Nbd7 10. b4 c6 11. Nxf6+ Nxf6 12. b5 c5 13. Ne1 Rf7 14. Nc2 Be6 15. Ne3
f4 16. Nd5 Nxd5 17. Bxd5 Bxd5 18. cxd5 Qd7 19. Kg2 f3+ 20. exf3 Raf8 21. f4 exf4
22. Bxf4 Rxf4 23. gxf4 Rxf4 24. Qe2 Be5 25. h3 Qf7 26. f3 Qxd5 27. Qc2 Kg7 28.
Qb3 Qd4 29. Rbe1 d5 30. Qa3 Rf7 31. Qxa7 Bd6 32. Qb6 Qf4 0-1

[Event "39th TCh-GRE"]
[Site "Eretria GRE"]
[Date "2011.07.08"]
[Round "7.13"]
[White "Emmanouilidis, Kostas"]
[Black "Kordis, Konstantinos"]
[Result "0-1"]
[WhiteElo "1985"]
[BlackElo "2207"]
[WhiteTeam "Chess Academy of Gazi 2099"]
[BlackTeam "AO Zenon Glyfadas"]
[WhiteFideId "4260260"]
[BlackFideId "4205197"]
[EventDate "2011.07.03"]

1. e4 c5 2. Nf3 e6 3. d3 Nc6 4. g3 g6 5. Bg2 Bg7 6. O-O Nge7 7. Re1 d6 8. c3 O-O
9. Be3 b6 10. Nbd2 d5 11. d4 cxd4 12. Nxd4 Nxd4 13. cxd4 Bb7 14. e5 Qd7 15. Qb3
Nf5 16. Rac1 Rac8 17. Bf1 f6 18. f4 fxe5 19. fxe5 Qe7 20. Be2 h6 21. a3 Bc6 22.
Bf2 h5 23. Rc3 Bh6 24. Nf1 Qd7 25. Ba6 Bb7 26. Bd3 Rxc3 27. bxc3 Qc6 28. Re2 Rc8
29. Rc2 Qd7 30. a4 Rc7 31. h3 Qe7 32. h4 Qf8 33. Qb4 Qc8 34. Bxf5 gxf5 35. Qd6
Bf8 0-1